000 00431cam a22001337a 4500
008 180718b1991 xxu||||| |||| 00| 0 eng d
082 _aAPPPA 90-91 SIN
100 _aSinha, Pradeep K.
245 _aPower scenario in India: issues in development
_cby Pradeep K. Sinha
260 _aNew Delhi
_bIndian Instiute of Public Administration
_c1991
300 _a110p.
650 _aPower development
650 _aGrowth-Power sector-India
999 _c501558
_d501558